Halk kütüphanesi kullanımı sosyo-ekonomik bir çözümleme /

Saved in:
Bibliographic Details
Main Author: Yılmaz, Bülent.
Format: Book
Language:Turkish
Published: İstanbul : Türk Kütüphanecileri Derneği, 1996.
Series:Türk Kütüphaneciler Derneği, İstanbul Şubesi yayınları ; 22.
Subjects:
Tags: Add Tag
No Tags, Be the first to tag this record!
LEADER 01004nam a2200277 a 4500
001 007732202-9
005 20020606104010.5
008 980311s1996 tu b 000|0 tur d
020 |a 9757653519 
035 0 |a ocm43727055 
043 |a a-tu--- 
050 0 0 |a Z845.T9  |b .Y55 1996 
100 1 |a Yılmaz, Bülent. 
245 1 0 |a Halk kütüphanesi kullanımı sosyo-ekonomik bir çözümleme /  |c Bülent Yılmaz. 
260 |a İstanbul :  |b Türk Kütüphanecileri Derneği,  |c 1996. 
300 |a x, 134 p. ;  |c 24 cm. 
490 1 |a Türk Kütüphaneciler Derneği, İstanbul Şubesi yayınları ;  |v 22 
504 |a Includes bibliographical references (p. [97]-106). 
650 0 |a Public libraries  |z Turkey. 
650 0 |a Public libraries  |z Turkey  |x Administration. 
650 0 |a Public libraries  |x Social aspects  |z Turkey. 
650 0 |a Library use studies  |z Turkey. 
752 |a Turkey  |d Istanbul. 
830 0 |a Türk Kütüphaneciler Derneği, İstanbul Şubesi yayınları ;  |v 22. 
988 |a 20020608 
906 |0 MH